| 000 | 00701nam a2200217Ia 4500 | ||
|---|---|---|---|
| 999 |
_c36132 _d36132 |
||
| 001 | 2032 | ||
| 003 | GE_BSU | ||
| 005 | 20190423151623.0 | ||
| 008 | 181216s2007||||ru |||||||||||||| ||rus|| | ||
| 020 | _a975891237131 | ||
| 040 | _cGE_BSU | ||
| 041 | _arus | ||
| 080 | _a343.143(075.8)+340.6(075.8) A-19 | ||
| 100 |
_aАверьянова, Татьяна Витальевна _9414 |
||
| 245 |
_aСудебная экспертиза / _bКурс общей теории. |
||
| 264 |
_aМосква : _bНорма, _c2007. |
||
| 300 |
_a480 стр.; _b21 см. |
||
| 653 | _aსამართალი | ||
| 653 | _aსასამართლო ექსპერტიზა | ||
| 942 |
_cBK _2udc |
||